<?xml version="1.0" encoding="UTF-8"?>
<record
    xmlns:xsi="http://www.w3.org/2001/XMLSchema-instance"
    xsi:schemaLocation="http://www.loc.gov/MARC21/slim http://www.loc.gov/standards/marcxml/schema/MARC21slim.xsd"
    xmlns="http://www.loc.gov/MARC21/slim">

  <leader>03175nam0a2200409   4500</leader>
  <controlfield tag="001">8766</controlfield>
  <controlfield tag="003">http://catalogue.bnf.fr/ark:/12148/cb46742970g</controlfield>
  <datafield tag="010" ind1=" " ind2=" ">
    <subfield code="a">978-2-84705-254-1</subfield>
    <subfield code="b">br.</subfield>
    <subfield code="d">14,50 EUR</subfield>
  </datafield>
  <datafield tag="020" ind1=" " ind2=" ">
    <subfield code="a">FR</subfield>
    <subfield code="b">02155557</subfield>
  </datafield>
  <datafield tag="021" ind1=" " ind2=" ">
    <subfield code="a">FR</subfield>
    <subfield code="b">DLE-20210331-23409</subfield>
  </datafield>
  <datafield tag="035" ind1=" " ind2=" ">
    <subfield code="a">11194</subfield>
  </datafield>
  <datafield tag="090" ind1=" " ind2=" ">
    <subfield code="a">8766</subfield>
  </datafield>
  <datafield tag="100" ind1=" " ind2=" ">
    <subfield code="a">20230924              frey50        </subfield>
  </datafield>
  <datafield tag="101" ind1="0" ind2=" ">
    <subfield code="a">fre</subfield>
  </datafield>
  <datafield tag="102" ind1=" " ind2=" ">
    <subfield code="a">FR</subfield>
  </datafield>
  <datafield tag="105" ind1=" " ind2=" ">
    <subfield code="a">||||z   00|a|                           </subfield>
  </datafield>
  <datafield tag="106" ind1=" " ind2=" ">
    <subfield code="a">r                                       </subfield>
  </datafield>
  <datafield tag="181" ind1=" " ind2="0">
    <subfield code="6">01</subfield>
    <subfield code="a">i</subfield>
    <subfield code="b">xxxe</subfield>
  </datafield>
  <datafield tag="181" ind1=" " ind2=" ">
    <subfield code="6">02</subfield>
    <subfield code="c">txt</subfield>
    <subfield code="2">rdacontent</subfield>
  </datafield>
  <datafield tag="182" ind1=" " ind2="0">
    <subfield code="6">01</subfield>
    <subfield code="a">n</subfield>
  </datafield>
  <datafield tag="182" ind1=" " ind2=" ">
    <subfield code="6">02</subfield>
    <subfield code="c">n</subfield>
    <subfield code="2">rdamedia</subfield>
  </datafield>
  <datafield tag="200" ind1="1" ind2=" ">
    <subfield code="a">La terre entre les mondes</subfield>
    <subfield code="e">th&#xE9;&#xE2;tre</subfield>
    <subfield code="f">M&#xE9;tie Navajo</subfield>
    <subfield code="b">LIVR</subfield>
  </datafield>
  <datafield tag="214" ind1=" " ind2="0">
    <subfield code="a">Les Matelles</subfield>
    <subfield code="c">&#xC9;ditions Espaces 34</subfield>
    <subfield code="d">DL 2021</subfield>
  </datafield>
  <datafield tag="214" ind1=" " ind2="3">
    <subfield code="a">37-Monts</subfield>
    <subfield code="c">Impr. Pr&#xE9;sence graphique</subfield>
  </datafield>
  <datafield tag="215" ind1=" " ind2=" ">
    <subfield code="a">1 vol. (83 p.)</subfield>
    <subfield code="d">21 cm</subfield>
  </datafield>
  <datafield tag="225" ind1=" " ind2=" ">
    <subfield code="a">Espace Th&#xE9;&#xE2;tre contemporain</subfield>
    <subfield code="x">1158-9892</subfield>
  </datafield>
  <datafield tag="321" ind1=" " ind2=" ">
    <subfield code="a">La Revue des livres pour enfants</subfield>
    <subfield code="x">0398-8384</subfield>
    <subfield code="c">319</subfield>
  </datafield>
  <datafield tag="329" ind1=" " ind2=" ">
    <subfield code="c">Bravo !</subfield>
    <subfield code="d">20210601</subfield>
    <subfield code="f">FCA</subfield>
    <subfield code="2">CNLJ</subfield>
    <subfield code="k">Avis critique donn&#xE9; par le Centre national de la litt&#xE9;rature pour la jeunesse</subfield>
  </datafield>
  <datafield tag="330" ind1=" " ind2=" ">
    <subfield code="a">Il y a des r&#xE9;gions tranquilles au Mexique, les plus &#xE9;loign&#xE9;es des &#xC9;tats-Unis et les plus proches de Dieu, c'est ce qu'on dit. L&#xE0;, entre un village maya et les vastes plaines recouvertes de soja, qui un jour &#xE9;taient for&#xEA;ts, au pied d'une croix qui ne porte plus de christ, deux jeunes filles creusent un trou pour un fant&#xF4;me. La plus noire, Cecilia, est maya et vit au village avec son p&#xE8;re. La plus blonde, Amalia, &#xE0; peine plus jeune, appartient &#xE0; une congr&#xE9;gation religieuse qui vit retranch&#xE9;e du monde. Elle n'a jamais vu plus loin que les plantations, elle a soif de for&#xEA;ts et d'oc&#xE9;ans. Autour d'elles, une s&#x153;ur jalouse, une m&#xE8;re disparue, une morte qui refuse de mourir, et les dieux, silencieux ou d&#xE9;chus. &#xC0; travers leurs yeux, ce sont deux univers qui se regardent. Une pi&#xE8;ce, d&#xE9;licate et puissante, sur la disparition de l'environnement naturel, des cultures et des &#xEA;tres devant le monde technologique moderne, mais aussi sur ce qui demeure : les croyances magiques, la force vitale de la jeunesse, la beaut&#xE9; de langues qui portent les histoires. Apr&#xE8;s des &#xE9;tudes de lettres, M&#xE9;tie Navajo enseigne en banlieue parisienne avant de se consacrer enti&#xE8;rement &#xE0; l'&#xE9;criture. Elle travaille depuis 2010 avec plusieurs compagnies dont la Compagnie Irr&#xE9;guli&#xE8;re, qu'elle cr&#xE9;e avec des personnes sans papiers. Sa pi&#xE8;ce Eldorado Dancing, remarqu&#xE9;e par plusieurs comit&#xE9;s de lecture (Journ&#xE9;es de Lyon des auteurs de th&#xE9;&#xE2;tre), est cr&#xE9;&#xE9;e par Oblique compagnie. M&#xE9;tie Navajo est auteure associ&#xE9;e au Th&#xE9;&#xE2;tre Jean-Vilar de Vitry-sur-Seine de 2018 &#xE0; 2021.</subfield>
    <subfield code="2">&#xE9;diteur</subfield>
  </datafield>
  <datafield tag="333" ind1=" " ind2=" ">
    <subfield code="a">&#xC0; partir de 15 ans</subfield>
    <subfield code="2">CNLJ</subfield>
    <subfield code="k">Avis critique donn&#xE9; par le Centre national de la litt&#xE9;rature pour la jeunesse</subfield>
  </datafield>
  <datafield tag="410" ind1=" " ind2="0">
    <subfield code="0">34271193</subfield>
    <subfield code="t">Collection Espace th&#xE9;&#xE2;tre (Montpellier)</subfield>
    <subfield code="x">1158-9892</subfield>
    <subfield code="d">2021</subfield>
  </datafield>
  <datafield tag="608" ind1=" " ind2=" ">
    <subfield code="3">027253066</subfield>
    <subfield code="a">Th&#xE9;&#xE2;tre</subfield>
    <subfield code="2">CNLJ</subfield>
  </datafield>
  <datafield tag="686" ind1=" " ind2=" ">
    <subfield code="a">802</subfield>
    <subfield code="2">Classif. BNF</subfield>
  </datafield>
  <datafield tag="700" ind1=" " ind2=" ">
    <subfield code="a">Navajo</subfield>
    <subfield code="b">M&#xE9;tie</subfield>
    <subfield code="f">1978-....</subfield>
    <subfield code="3">16139152</subfield>
    <subfield code="4">070</subfield>
    <subfield code="6">Auteur</subfield>
  </datafield>
  <datafield tag="801" ind1=" " ind2="0">
    <subfield code="a">FR</subfield>
    <subfield code="b">FR-751131015</subfield>
    <subfield code="c">20210331</subfield>
    <subfield code="g">AFNOR</subfield>
    <subfield code="h">FRBNF467429700000001</subfield>
  </datafield>
  <datafield tag="930" ind1=" " ind2=" ">
    <subfield code="5">FR-751131010:2021-86696</subfield>
  </datafield>
  <datafield tag="323" ind1=" " ind2=" ">
    <subfield code="a">7 personnages</subfield>
  </datafield>
  <datafield tag="995" ind1=" " ind2=" ">
    <subfield code="2">0</subfield>
    <subfield code="5">2023-09-24</subfield>
    <subfield code="9">8690</subfield>
    <subfield code="a">M&#xE9;diath&#xE8;que</subfield>
    <subfield code="c">JOL</subfield>
    <subfield code="f">JOL-003036</subfield>
    <subfield code="k">TH NAV</subfield>
    <subfield code="o">0</subfield>
    <subfield code="b">JOL</subfield>
    <subfield code="r">LIVR</subfield>
    <subfield code="v">1</subfield>
    <subfield code="x">4</subfield>
  </datafield>
  <datafield tag="995" ind1=" " ind2=" ">
    <subfield code="2">0</subfield>
    <subfield code="5">2025-08-27</subfield>
    <subfield code="9">13794</subfield>
    <subfield code="c">JOL</subfield>
    <subfield code="f">JOL-007414</subfield>
    <subfield code="k">TH NAV</subfield>
    <subfield code="o">0</subfield>
    <subfield code="b">JOL</subfield>
    <subfield code="r">LIVR</subfield>
  </datafield>
</record>
